[Event "Olympiad-42"]
[Site "Baku"]
[Date "2016.09.13"]
[Round "11.3"]
[White "Teklay, Teshager"]
[Black "Al Sori, Mohamed"]
[Result "0-1"]
[WhiteElo "1868"]
[BlackElo "2036"]
[PlyCount "114"]
[EventDate "2016.09.02"]
[EventType "team-swiss"]
[EventRounds "11"]
[EventCountry "AZE"]
[SourceTitle "CBM 175"]
[Source "ChessBase"]
[SourceDate "2016.11.10"]
[SourceVersion "1"]
[SourceVersionDate "2016.11.10"]
[SourceQuality "1"]
[WhiteTeam "Ethiopia"]
[BlackTeam "Libya"]
[WhiteTeamCountry "ETH"]
[BlackTeamCountry "LBY"]

1. d4 Nf6 2. c4 e6 3. Nf3 b6 4. e3 Bb7 5. Be2 Be7 6. 0-0 0-0 7. Nc3 d5 8. b3 c5 9. Bb2 Nc6 10. cxd5 Nxd5 11. Nxd5 exd5 12. Rc1 Nb4 13. a3 Na6 14. Qd2 Bd6 15. Rfd1 Nc7 16. a4 Ne6 17. h3 h6 18. Bd3 Rc8 19. Qe2 Rc7 20. g3 Qc8 21. Kh2 c4 22. bxc4 dxc4 23. Bf5 Qa8 24. Nd2 Ng5 25. Bg4 f5 26. Bh5 g6 27. h4 gxh5 28. hxg5 hxg5 29. d5 Bxd5 30. Nxc4 Bf3 31. Qd3 Be7 32. Ne5 Rxc1 33. Rxc1 Qd5 34. Qxd5+ Bxd5 35. Ng6 Re8 36. Rc7 Kf7 37. Nh8+ Ke6 38. Ng6 a6 39. f4 Bd6 40. Rh7 Rc8 41. Rh6 Rc2+ 42. Kg1 Rxb2 43. Nh4+ Kd7 44. Nxf5 Bc5 45. Rxh5 gxf4 46. Nd4 Be4 47. Re5 Bxd4 48. exd4 Bc6 49. gxf4 Rb4 50. d5 Bxa4 51. Rf5 Kd6 52. Kf2 Rb3 53. Rh5 Be8 54. Rh8 Bd7 55. Rh5 a5 56. Re5 a4 57. Re2 a3 0-1